| 000 | 00335nam a22001217a 4500 | ||
|---|---|---|---|
| 999 |
_c7799 _d7797 |
||
| 005 | 20210326112850.0 | ||
| 008 | 210326b ||||| |||| 00| 0 eng d | ||
| 041 | _aeng | ||
| 100 |
_aKIRLOSKAR, S.L. _96519 |
||
| 245 | _aTHE MAN WHO MADE MACHINES: biography of the pioneering industrialist from maharastra | ||
| 300 | _a278,p | ||
| 942 | _cBK | ||